[Event "U20 Polish Youth Championship"]
[Site "Ustron"]
[Date "2019.11.26"]
[Round "5"]
[White "Tomczak, Mikolaj"]
[Black "Zylka, Stanislaw"]
[Result "1/2-1/2"]
[Board "1"]
[WhiteElo "2437"]
[WhiteTitle "FM"]
[WhiteCountry "POL"]
[WhiteFideId "1175114"]
[WhiteEloChange "-1"]
[BlackElo "2333"]
[BlackTitle "FM"]
[BlackCountry "POL"]
[BlackFideId "1189654"]
[BlackEloChange "3"]

1. c4 {[%clk 1:30:58]} g6 {[%clk 1:30:51]} 2. Nc3 {[%clk 1:28:33]} c5 {[%clk
1:31:06]} 3. g3 {[%clk 1:27:45]} Bg7 {[%clk 1:30:52]} 4. Bg2 {[%clk 1:28:08]} Nc6
{[%clk 1:31:42]} 5. e3 {[%clk 1:27:58]} e6 {[%clk 1:30:57]} 6. Nge2 {[%clk
1:28:14]} Nge7 {[%clk 1:31:19]} 7. O-O {[%clk 1:28:18]} O-O {[%clk 1:31:36]} 8.
d4 {[%clk 1:27:54]} cxd4 {[%clk 1:31:56]} 9. Nxd4 {[%clk 1:27:23]} d5 {[%clk
1:29:51]} 10. cxd5 {[%clk 1:26:50]} Nxd4 {[%clk 1:29:57]} 11. exd4 {[%clk
1:27:10]} Nxd5 {[%clk 1:30:01]} 12. Nxd5 {[%clk 1:27:27]} exd5 {[%clk 1:30:25]}
13. Be3 {[%clk 1:23:11]} Be6 {[%clk 1:30:00]} 14. Qb3 {[%clk 1:22:32]} Qd7 {[%clk
1:29:38]} 15. Rac1 {[%clk 1:20:02]} Rac8 {[%clk 1:29:30]} 16. Rc3 {[%clk
1:13:59]} Rxc3 {[%clk 1:27:50]} 17. bxc3 {[%clk 1:14:10]} Rc8 {[%clk 1:27:44]}
18. Rb1 {[%clk 1:13:44]} b6 {[%clk 1:27:34]} 19. Bd2 {[%clk 1:12:46]} h5 {[%clk
1:23:48]} 20. h4 {[%clk 1:12:49]} Kh7 {[%clk 1:23:21]} 21. Qb5 {[%clk 1:11:55]}
Qxb5 {[%clk 1:12:29]} 22. Rxb5 {[%clk 1:12:19]} Bh6 {[%clk 1:11:50]} 23. f4
{[%clk 1:11:22]} Rd8 {[%clk 1:12:02]} 24. a4 {[%clk 1:08:10]} Kg8 {[%clk
1:11:31]} 25. a5 {[%clk 1:05:49]} bxa5 {[%clk 1:11:55]} 26. Rxa5 {[%clk 1:06:15]}
Rd7 {[%clk 1:12:18]} 27. Kf2 {[%clk 1:04:50]} Bf8 {[%clk 1:12:09]} 28. f5 {[%clk
0:55:21]} gxf5 {[%clk 1:10:09]} 29. Bf3 {[%clk 0:55:27]} Bd6 {[%clk 1:09:24]} 30.
Ra2 {[%clk 0:49:13]} Rb7 {[%clk 1:06:24]} 31. c4 {[%clk 0:45:56]} Rb3 {[%clk
1:05:00]} 32. c5 {[%clk 0:43:22]} Bb8 {[%clk 0:56:50]} 33. Bf4 {[%clk 0:37:23]}
Bxf4 {[%clk 0:56:14]} 34. gxf4 {[%clk 0:37:50]} Rb4 {[%clk 0:54:54]} 35. Ke3
{[%clk 0:37:51]} Rb3+ {[%clk 0:55:11]} 36. Kf2 {[%clk 0:38:01]} Rb4 {[%clk
0:55:34]} 37. Ke3 {[%clk 0:35:39]} Rb3+ {[%clk 0:55:57]} 38. Kf2 {[%clk 0:35:53]}
1/2-1/2

[Event "U20 Polish Youth Championship"]
[Site "Ustron"]
[Date "2019.11.26"]
[Round "5"]
[White "Pacan-Milej, Kosma"]
[Black "Teclaf, Pawel"]
[Result "1/2-1/2"]
[Board "2"]
[WhiteElo "2315"]
[WhiteTitle "FM"]
[WhiteCountry "POL"]
[WhiteFideId "21800537"]
[WhiteEloChange "3"]
[BlackElo "2427"]
[BlackTitle "IM"]
[BlackCountry "POL"]
[BlackFideId "1185934"]
[BlackEloChange "-2"]

1. d4 {[%clk 1:30:56]} d6 {[%clk 1:30:58]} 2. c4 {[%clk 1:31:19]} e5 {[%clk
1:31:22]} 3. d5 {[%clk 1:31:47]} f5 {[%clk 1:18:58]} 4. e4 {[%clk 1:32:03]} fxe4
{[%clk 1:16:55]} 5. Nc3 {[%clk 1:32:24]} Nf6 {[%clk 1:16:28]} 6. Nge2 {[%clk
1:32:43]} Bf5 {[%clk 1:14:27]} 7. Ng3 {[%clk 1:32:57]} Bg6 {[%clk 1:13:40]} 8.
Bg5 {[%clk 1:33:07]} Be7 {[%clk 0:58:43]} 9. Bxf6 {[%clk 1:33:18]} gxf6 {[%clk
0:54:12]} 10. h4 {[%clk 1:32:52]} Qd7 {[%clk 0:50:53]} 11. f3 {[%clk 1:29:55]}
exf3 {[%clk 0:42:45]} 12. Qxf3 {[%clk 1:29:56]} h5 {[%clk 0:42:26]} 13. Bd3
{[%clk 1:25:06]} Bxd3 {[%clk 0:42:15]} 14. Qxd3 {[%clk 1:25:31]} Qg4 {[%clk
0:42:42]} 15. Nce4 {[%clk 1:16:44]} Na6 {[%clk 0:37:03]} 16. O-O {[%clk 1:14:38]}
O-O-O {[%clk 0:34:09]} 17. Nf5 {[%clk 1:14:20]} Rd7 {[%clk 0:32:37]} 18. Rf3
{[%clk 0:56:21]} Bd8 {[%clk 0:24:20]} 19. Raf1 {[%clk 0:52:43]} Qg8 {[%clk
0:24:39]} 20. Qe3 {[%clk 0:50:41]} Kb8 {[%clk 0:22:12]} 21. Kh1 {[%clk 0:50:22]}
Nc5 {[%clk 0:19:22]} 22. Nxc5 {[%clk 0:48:44]} dxc5 {[%clk 0:19:51]} 23. Qxc5
{[%clk 0:49:03]} Qg4 {[%clk 0:18:25]} 24. Rb3 {[%clk 0:29:32]} Rg8 {[%clk
0:15:11]} 25. Rxb7+ {[%clk 0:16:54]} Kxb7 {[%clk 0:14:50]} 26. Qc6+ {[%clk
0:16:26]} Kb8 {[%clk 0:15:19]} 27. Qb5+ {[%clk 0:16:50]} Kc8 {[%clk 0:15:33]} 28.
Qa6+ {[%clk 0:17:16]} Kb8 {[%clk 0:16:00]} 29. Qb5+ {[%clk 0:17:44]} Kc8 {[%clk
0:16:27]} 30. Qa6+ {[%clk 0:18:11]} Kb8 {[%clk 0:16:27]} 1/2-1/2

[Event "U20 Polish Youth Championship"]
[Site "Ustron"]
[Date "2019.11.26"]
[Round "5"]
[White "Fus, Jakub"]
[Black "Chylewski, Patryk"]
[Result "1/2-1/2"]
[Board "3"]
[WhiteElo "2363"]
[WhiteTitle "FM"]
[WhiteCountry "POL"]
[WhiteFideId "1193023"]
[BlackElo "2348"]
[BlackTitle "FM"]
[BlackCountry "POL"]
[BlackFideId "1186191"]

1. d4 {[%clk 1:30:52]} Nf6 {[%clk 1:30:54]} 2. c4 {[%clk 1:31:05]} e6 {[%clk
1:31:19]} 3. g3 {[%clk 1:31:18]} c5 {[%clk 1:30:53]} 4. d5 {[%clk 1:31:21]} exd5
{[%clk 1:31:18]} 5. cxd5 {[%clk 1:31:42]} d6 {[%clk 1:31:41]} 6. Nc3 {[%clk
1:31:34]} g6 {[%clk 1:32:07]} 7. Bg2 {[%clk 1:31:36]} Bg7 {[%clk 1:32:31]} 8. Nf3
{[%clk 1:31:39]} O-O {[%clk 1:32:39]} 9. O-O {[%clk 1:31:42]} Nbd7 {[%clk
1:31:45]} 10. Re1 {[%clk 1:27:22]} a6 {[%clk 1:23:42]} 11. a4 {[%clk 1:27:10]} b6
{[%clk 1:22:42]} 12. Nd2 {[%clk 1:21:52]} Rb8 {[%clk 1:15:34]} 13. Nc4 {[%clk
1:20:58]} Qc7 {[%clk 1:09:38]} 14. Bf4 {[%clk 1:10:37]} Ne8 {[%clk 1:09:37]} 15.
Ne4 {[%clk 1:10:44]} Be5 {[%clk 1:09:35]} 16. Nxe5 {[%clk 1:09:33]} Nxe5 {[%clk
1:06:03]} 17. Bxe5 {[%clk 1:08:32]} dxe5 {[%clk 1:06:11]} 18. d6 {[%clk 1:08:54]}
Qd8 {[%clk 1:00:47]} 19. Qd5 {[%clk 0:39:35]} Bb7 {[%clk 1:00:59]} 20. Qxe5
{[%clk 0:39:49]} Bxe4 {[%clk 1:01:21]} 21. Qxe4 {[%clk 0:39:47]} Nxd6 {[%clk
1:00:46]} 22. Qd3 {[%clk 0:40:04]} b5 {[%clk 0:50:12]} 23. axb5 {[%clk 0:38:56]}
axb5 {[%clk 0:50:32]} 24. Red1 {[%clk 0:25:37]} Nf5 {[%clk 0:44:45]} 25. Qc2
{[%clk 0:24:14]} Qe7 {[%clk 0:42:49]} 26. e3 {[%clk 0:24:09]} Rfd8 {[%clk
0:38:05]} 27. Be4 {[%clk 0:19:40]} Rxd1+ {[%clk 0:31:22]} 28. Rxd1 {[%clk
0:20:05]} Ng7 {[%clk 0:31:40]} 29. b3 {[%clk 0:14:52]} Ne6 {[%clk 0:30:34]} 30.
Rc1 {[%clk 0:13:42]} Rc8 {[%clk 0:29:35]} 1/2-1/2

[Event "U20 Polish Youth Championship"]
[Site "Ustron"]
[Date "2019.11.26"]
[Round "5"]
[White "Kokoszczynski, Jan"]
[Black "Godzwon, Iwo"]
[Result "1/2-1/2"]
[Board "4"]
[WhiteElo "2264"]
[WhiteCountry "POL"]
[WhiteFideId "1174460"]
[BlackElo "2275"]
[BlackTitle "FM"]
[BlackCountry "POL"]
[BlackFideId "21802483"]

1. d4 {[%clk 1:30:58]} Nf6 {[%clk 1:30:54]} 2. Bg5 {[%clk 1:31:23]} e6 {[%clk
1:29:51]} 3. e4 {[%clk 1:30:01]} h6 {[%clk 1:30:17]} 4. Bxf6 {[%clk 1:30:28]}
Qxf6 {[%clk 1:30:43]} 5. c3 {[%clk 1:27:39]} d5 {[%clk 1:30:36]} 6. Nd2 {[%clk
1:18:36]} c5 {[%clk 1:18:16]} 7. e5 {[%clk 1:15:52]} Qd8 {[%clk 1:18:42]} 8. Ngf3
{[%clk 1:08:29]} Nc6 {[%clk 1:19:06]} 9. Nb3 {[%clk 0:50:22]} cxd4 {[%clk
1:13:40]} 10. Nbxd4 {[%clk 0:50:44]} Qc7 {[%clk 1:14:08]} 11. Bb5 {[%clk
0:46:01]} a6 {[%clk 1:03:13]} 12. Nxc6 {[%clk 0:42:55]} bxc6 {[%clk 0:55:54]} 13.
Ba4 {[%clk 0:41:47]} Bd7 {[%clk 0:51:40]} 14. O-O {[%clk 0:41:50]} c5 {[%clk
0:52:08]} 15. c4 {[%clk 0:40:34]} dxc4 {[%clk 0:45:18]} 16. Bxd7+ {[%clk
0:35:49]} Qxd7 {[%clk 0:45:45]} 17. Qc2 {[%clk 0:29:10]} Be7 {[%clk 0:44:12]} 18.
Nd2 {[%clk 0:29:35]} Qd3 {[%clk 0:42:08]} 19. Qa4+ {[%clk 0:29:37]} Qd7 {[%clk
0:42:36]} 20. Qc2 {[%clk 0:28:42]} Qd3 {[%clk 0:43:03]} 21. Rac1 {[%clk 0:22:20]}
Qxc2 {[%clk 0:36:27]} 22. Rxc2 {[%clk 0:22:47]} O-O-O {[%clk 0:36:54]} 23. Nxc4
{[%clk 0:23:04]} Rd3 {[%clk 0:36:18]} 24. g3 {[%clk 0:22:14]} Rhd8 {[%clk
0:35:21]} 25. Kg2 {[%clk 0:22:11]} Kc7 {[%clk 0:35:42]} 26. Re1 {[%clk 0:18:49]}
Kc6 {[%clk 0:34:04]} 27. h3 {[%clk 0:17:09]} Kb5 {[%clk 0:33:49]} 28. Na3+ {[%clk
0:15:56]} Kc6 {[%clk 0:34:09]} 29. Nc4 {[%clk 0:16:17]} Kb5 {[%clk 0:33:26]} 30.
Na3+ {[%clk 0:16:13]} Kc6 {[%clk 0:33:52]} 1/2-1/2

[Event "U20 Polish Youth Championship"]
[Site "Ustron"]
[Date "2019.11.26"]
[Round "5"]
[White "Szpar, Milosz"]
[Black "Janik, Igor"]
[Result "0-1"]
[Board "5"]
[WhiteElo "2291"]
[WhiteTitle "FM"]
[WhiteCountry "POL"]
[WhiteFideId "1184989"]
[WhiteEloChange "-5"]
[BlackElo "2466"]
[BlackTitle "IM"]
[BlackCountry "POL"]
[BlackFideId "1159259"]
[BlackEloChange "3"]

1. Nf3 {[%clk 1:30:56]} d5 {[%clk 1:30:54]} 2. g3 {[%clk 1:31:19]} g6 {[%clk
1:31:17]} 3. Bg2 {[%clk 1:31:28]} Bg7 {[%clk 1:31:38]} 4. d4 {[%clk 1:30:51]} c6
{[%clk 1:31:47]} 5. O-O {[%clk 1:30:42]} Nf6 {[%clk 1:32:10]} 6. b3 {[%clk
1:29:31]} O-O {[%clk 1:32:13]} 7. Bb2 {[%clk 1:29:02]} a5 {[%clk 1:30:39]} 8. c4
{[%clk 1:24:21]} a4 {[%clk 1:29:16]} 9. cxd5 {[%clk 1:19:38]} Nxd5 {[%clk
1:29:18]} 10. e4 {[%clk 1:13:40]} Nb6 {[%clk 1:28:49]} 11. b4 {[%clk 1:08:06]}
Bg4 {[%clk 1:26:48]} 12. Na3 {[%clk 1:02:03]} Qd7 {[%clk 1:20:06]} 13. e5 {[%clk
0:51:15]} Na6 {[%clk 1:17:31]} 14. Nc2 {[%clk 0:43:08]} Nc7 {[%clk 1:15:04]} 15.
Qe2 {[%clk 0:36:24]} Nb5 {[%clk 1:12:34]} 16. a3 {[%clk 0:32:03]} Rfd8 {[%clk
1:10:38]} 17. Rfe1 {[%clk 0:30:21]} Bh6 {[%clk 1:07:34]} 18. Qf1 {[%clk 0:24:59]}
Qe6 {[%clk 0:52:46]} 19. d5 {[%clk 0:18:22]} Qxd5 {[%clk 0:52:39]} 20. Nfd4
{[%clk 0:15:55]} Qc4 {[%clk 0:52:59]} 21. Re4 {[%clk 0:12:43]} Qxf1+ {[%clk
0:51:47]} 22. Bxf1 {[%clk 0:12:30]} Bf5 {[%clk 0:47:09]} 23. Nxf5 {[%clk
0:12:16]} gxf5 {[%clk 0:47:37]} 24. Rh4 {[%clk 0:12:08]} Bd2 {[%clk 0:47:28]} 25.
g4 {[%clk 0:08:50]} fxg4 {[%clk 0:43:02]} 26. Rxg4+ {[%clk 0:07:16]} Kf8 {[%clk
0:43:11]} 27. e6 {[%clk 0:06:45]} fxe6 {[%clk 0:38:31]} 28. Rg7 {[%clk 0:05:27]}
h6 {[%clk 0:35:13]} 29. Rh7 {[%clk 0:05:08]} Nc3 {[%clk 0:33:57]} 30. Kh1 {[%clk
0:02:17]} Ke8 {[%clk 0:28:04]} 31. Bh3 {[%clk 0:02:33]} Rd6 {[%clk 0:26:14]} 32.
Rg1 {[%clk 0:01:57]} Kd7 {[%clk 0:25:21]} 33. Rgg7 {[%clk 0:02:00]} Re8 {[%clk
0:24:06]} 34. Bg4 {[%clk 0:02:26]} Nbd5 {[%clk 0:23:53]} 35. f4 {[%clk 0:00:56]}
Nxf4 {[%clk 0:23:18]} 36. Ba1 {[%clk 0:00:51]} Nfd5 {[%clk 0:22:16]} 37. Rg6
{[%clk 0:00:55]} Rf8 {[%clk 0:21:27]} 38. Bxc3 {[%clk 0:00:35]} Bxc3 {[%clk
0:20:51]} 39. Rhxh6 {[%clk 0:00:37]} Rf1+ {[%clk 0:20:59]} 40. Kg2 {[%clk
0:31:04]} Rc1 {[%clk 0:51:12]} 0-1

[Event "U20 Polish Youth Championship"]
[Site "Ustron"]
[Date "2019.11.26"]
[Round "5"]
[White "Koziol, Kamil"]
[Black "Kowalski, Igor"]
[Result "1/2-1/2"]
[Board "6"]
[WhiteElo "2289"]
[WhiteTitle "FM"]
[WhiteCountry "POL"]
[WhiteFideId "1161555"]
[WhiteEloChange "2"]
[BlackElo "2346"]
[BlackTitle "FM"]
[BlackCountry "POL"]
[BlackFideId "1172468"]
[BlackEloChange "-2"]

1. e4 {[%clk 1:27:37]} c6 {[%clk 1:30:54]} 2. d4 {[%clk 1:27:13]} d5 {[%clk
1:31:18]} 3. e5 {[%clk 1:26:14]} Bf5 {[%clk 1:31:42]} 4. Nf3 {[%clk 1:26:11]} e6
{[%clk 1:32:08]} 5. Be2 {[%clk 1:24:20]} Nd7 {[%clk 1:32:32]} 6. O-O {[%clk
1:24:25]} h6 {[%clk 1:32:46]} 7. Be3 {[%clk 1:18:05]} Ne7 {[%clk 1:31:57]} 8. Ne1
{[%clk 1:17:50]} c5 {[%clk 1:26:33]} 9. c3 {[%clk 1:10:56]} Nc6 {[%clk 1:26:51]}
10. f4 {[%clk 1:09:15]} Qb6 {[%clk 1:26:50]} 11. b3 {[%clk 1:03:37]} Be7 {[%clk
1:23:14]} 12. g4 {[%clk 0:59:39]} Be4 {[%clk 1:21:17]} 13. Nd2 {[%clk 0:55:46]}
Bh7 {[%clk 1:19:24]} 14. Ndf3 {[%clk 0:53:33]} Be4 {[%clk 1:03:34]} 15. Nd2
{[%clk 0:53:47]} Bh7 {[%clk 1:03:50]} 16. Ndf3 {[%clk 0:54:12]} Be4 {[%clk
1:03:57]} 17. Nd2 {[%clk 0:53:50]} 1/2-1/2

[Event "U20 Polish Youth Championship"]
[Site "Ustron"]
[Date "2019.11.26"]
[Round "5"]
[White "Niedbala, Bartlomiej"]
[Black "Baum, Jonasz"]
[Result "1-0"]
[Board "7"]
[WhiteElo "2239"]
[WhiteCountry "POL"]
[WhiteFideId "21834008"]
[WhiteEloChange "13"]
[BlackElo "2341"]
[BlackTitle "FM"]
[BlackCountry "POL"]
[BlackFideId "1195360"]
[BlackEloChange "-13"]

1. Nf3 {[%clk 1:29:09]} Nf6 {[%clk 1:29:04]} 2. g3 {[%clk 1:28:52]} b6 {[%clk
1:28:52]} 3. Bg2 {[%clk 1:29:15]} Bb7 {[%clk 1:29:19]} 4. O-O {[%clk 1:29:37]} e6
{[%clk 1:29:39]} 5. d3 {[%clk 1:25:44]} c5 {[%clk 1:26:17]} 6. e4 {[%clk
1:24:52]} d6 {[%clk 1:24:09]} 7. Nbd2 {[%clk 1:18:16]} Qc7 {[%clk 1:20:13]} 8. a4
{[%clk 1:17:52]} Nc6 {[%clk 1:20:27]} 9. Nc4 {[%clk 1:15:28]} Be7 {[%clk
1:15:39]} 10. Bf4 {[%clk 1:00:47]} e5 {[%clk 1:08:12]} 11. Bg5 {[%clk 1:00:46]}
Nd4 {[%clk 1:01:27]} 12. Nh4 {[%clk 0:52:04]} h6 {[%clk 0:39:49]} 13. Bxf6 {[%clk
0:48:17]} Bxf6 {[%clk 0:40:14]} 14. Nf5 {[%clk 0:41:39]} Nxf5 {[%clk 0:36:14]}
15. exf5 {[%clk 0:42:02]} d5 {[%clk 0:36:15]} 16. Ne3 {[%clk 0:41:41]} O-O-O
{[%clk 0:35:34]} 17. Qe2 {[%clk 0:37:54]} Bg5 {[%clk 0:20:48]} 18. Nd1 {[%clk
0:36:31]} e4 {[%clk 0:09:39]} 19. a5 {[%clk 0:30:44]} exd3 {[%clk 0:08:19]} 20.
cxd3 {[%clk 0:31:06]} Bf6 {[%clk 0:03:07]} 21. Nc3 {[%clk 0:30:51]} Rhe8 {[%clk
0:03:14]} 22. Qc2 {[%clk 0:31:05]} Bxc3 {[%clk 0:03:03]} 23. axb6 {[%clk
0:30:54]} axb6 {[%clk 0:03:23]} 24. bxc3 {[%clk 0:31:22]} Re7 {[%clk 0:00:51]}
25. Ra7 {[%clk 0:15:46]} Qb8 {[%clk 0:01:02]} 26. f6 {[%clk 0:14:13]} gxf6 {[%clk
0:01:03]} 27. Bh3+ {[%clk 0:14:40]} Kc7 {[%clk 0:01:20]} 28. Qa4 {[%clk 0:15:01]}
Rde8 {[%clk 0:01:06]} 29. Qf4+ {[%clk 0:14:53]} Kc6 {[%clk 0:00:55]} 30. Qxf6+
{[%clk 0:13:48]} Qd6 {[%clk 0:01:24]} 31. Qh4 {[%clk 0:12:36]} Re1 {[%clk
0:00:47]} 32. Qa4+ {[%clk 0:07:41]} b5 {[%clk 0:00:56]} 33. Qa5 {[%clk 0:06:28]}
Qc7 {[%clk 0:01:06]} 34. Qa3 {[%clk 0:05:29]} Rxf1+ {[%clk 0:00:55]} 35. Kxf1
{[%clk 0:05:49]} Qe7 {[%clk 0:00:47]} 36. Qa5 {[%clk 0:02:34]} Qc7 {[%clk
0:00:49]} 37. Ra6+ {[%clk 0:02:22]} Bxa6 {[%clk 0:00:54]} 38. Qxa6+ {[%clk
0:02:51]} Qb6 {[%clk 0:01:11]} 39. Bd7+ {[%clk 0:03:18]} Kc7 {[%clk 0:01:35]} 40.
Qxb6+ {[%clk 0:33:45]} Kxb6 {[%clk 0:31:50]} 41. Bxe8 {[%clk 0:34:14]} b4 {[%clk
0:32:14]} 42. cxb4 {[%clk 0:33:59]} cxb4 {[%clk 0:32:41]} 43. Bxf7 {[%clk
0:33:32]} Kc5 {[%clk 0:33:08]} 44. Ke2 {[%clk 0:32:37]} Kd4 {[%clk 0:33:33]} 45.
Kd2 {[%clk 0:33:04]} b3 {[%clk 0:33:59]} 46. Bxd5 {[%clk 0:33:31]} 1-0

[Event "U20 Polish Youth Championship"]
[Site "Ustron"]
[Date "2019.11.26"]
[Round "5"]
[White "Mis, Mieszko"]
[Black "Czopor, Maciej"]
[Result "1-0"]
[Board "8"]
[WhiteElo "2328"]
[WhiteTitle "FM"]
[WhiteCountry "POL"]
[WhiteFideId "1196448"]
[WhiteEloChange "7"]
[BlackElo "2227"]
[BlackCountry "POL"]
[BlackFideId "21805431"]
[BlackEloChange "-7"]

1. d4 {[%clk 1:30:52]} Nf6 {[%clk 1:30:54]} 2. c4 {[%clk 1:31:05]} e6 {[%clk
1:31:12]} 3. Nf3 {[%clk 1:31:16]} c5 {[%clk 1:31:09]} 4. d5 {[%clk 1:30:36]} b5
{[%clk 1:31:15]} 5. dxe6 {[%clk 1:29:36]} fxe6 {[%clk 1:31:06]} 6. cxb5 {[%clk
1:29:59]} d5 {[%clk 1:31:18]} 7. g3 {[%clk 1:29:49]} Nbd7 {[%clk 1:21:53]} 8. Bg2
{[%clk 1:28:17]} Qa5+ {[%clk 1:12:31]} 9. Nc3 {[%clk 1:26:49]} Rb8 {[%clk
1:07:29]} 10. O-O {[%clk 1:18:18]} d4 {[%clk 1:03:58]} 11. Qa4 {[%clk 1:18:21]}
Qxa4 {[%clk 1:02:33]} 12. Nxa4 {[%clk 1:18:46]} Rxb5 {[%clk 0:58:30]} 13. e3
{[%clk 1:18:45]} dxe3 {[%clk 0:41:56]} 14. Bxe3 {[%clk 1:18:18]} Nb6 {[%clk
0:41:30]} 15. Nxb6 {[%clk 1:14:10]} axb6 {[%clk 0:40:49]} 16. b3 {[%clk 1:13:23]}
Ra5 {[%clk 0:37:40]} 17. Rfe1 {[%clk 1:12:32]} Bd6 {[%clk 0:36:15]} 18. Nd2
{[%clk 0:59:55]} Bc7 {[%clk 0:34:38]} 19. Nc4 {[%clk 0:59:26]} Ra7 {[%clk
0:33:57]} 20. a4 {[%clk 0:58:43]} Kf7 {[%clk 0:30:06]} 21. a5 {[%clk 0:46:49]}
bxa5 {[%clk 0:29:57]} 22. b4 {[%clk 0:47:00]} Nd7 {[%clk 0:25:51]} 23. bxc5
{[%clk 0:45:40]} Ra6 {[%clk 0:22:32]} 24. Reb1 {[%clk 0:41:17]} Rd8 {[%clk
0:18:14]} 25. Nb6 {[%clk 0:36:32]} Nxb6 {[%clk 0:14:16]} 26. cxb6 {[%clk
0:36:56]} Be5 {[%clk 0:13:52]} 27. Ra2 {[%clk 0:37:20]} Bb8 {[%clk 0:11:56]} 28.
Bf1 {[%clk 0:36:40]} Bb7 {[%clk 0:12:10]} 29. Bxa6 {[%clk 0:36:38]} Bxa6 {[%clk
0:12:38]} 30. Rxa5 {[%clk 0:35:37]} Bb7 {[%clk 0:12:59]} 31. Bf4 {[%clk 0:35:24]}
Bxf4 {[%clk 0:13:09]} 32. Ra7 {[%clk 0:35:13]} Rd7 {[%clk 0:13:33]} 33. gxf4
{[%clk 0:35:37]} Kf6 {[%clk 0:13:59]} 34. Ra5 {[%clk 0:33:22]} Rd4 {[%clk
0:13:40]} 35. Ra7 {[%clk 0:30:57]} Rd7 {[%clk 0:13:55]} 36. Rc1 {[%clk 0:29:46]}
Kf5 {[%clk 0:13:51]} 37. h3 {[%clk 0:30:00]} Kxf4 {[%clk 0:13:37]} 38. Kh2 {[%clk
0:29:19]} Kf3 {[%clk 0:12:16]} 39. Rc7 {[%clk 0:28:29]} 1-0

[Event "U20 Polish Youth Championship"]
[Site "Ustron"]
[Date "2019.11.26"]
[Round "5"]
[White "Leskiewicz, Ignacy"]
[Black "Karpus, Michal"]
[Result "1/2-1/2"]
[Board "9"]
[WhiteElo "2138"]
[WhiteCountry "POL"]
[WhiteFideId "1185870"]
[WhiteEloChange "5"]
[BlackElo "2312"]
[BlackTitle "FM"]
[BlackCountry "POL"]
[BlackFideId "1174088"]
[BlackEloChange "-5"]

1. e4 {[%clk 1:30:30]} e5 {[%clk 1:30:44]} 2. Nf3 {[%clk 1:30:29]} Nc6 {[%clk
1:31:09]} 3. Bb5 {[%clk 1:30:29]} a6 {[%clk 1:31:24]} 4. Ba4 {[%clk 1:30:49]} Nf6
{[%clk 1:31:49]} 5. O-O {[%clk 1:29:37]} Be7 {[%clk 1:32:03]} 6. Re1 {[%clk
1:30:01]} b5 {[%clk 1:32:08]} 7. Bb3 {[%clk 1:30:26]} d6 {[%clk 1:31:57]} 8. c3
{[%clk 1:30:10]} O-O {[%clk 1:32:01]} 9. h3 {[%clk 1:30:30]} Na5 {[%clk 1:31:45]}
10. Bc2 {[%clk 1:30:50]} c5 {[%clk 1:31:50]} 11. d4 {[%clk 1:31:10]} Nd7 {[%clk
1:31:59]} 12. Nbd2 {[%clk 1:23:45]} exd4 {[%clk 1:28:24]} 13. cxd4 {[%clk
1:23:19]} Nc6 {[%clk 1:28:44]} 14. Nf1 {[%clk 1:02:10]} Bf6 {[%clk 1:21:52]} 15.
Be3 {[%clk 0:48:41]} cxd4 {[%clk 1:15:20]} 16. Nxd4 {[%clk 0:49:00]} Nxd4 {[%clk
1:15:40]} 17. Bxd4 {[%clk 0:49:25]} Bxd4 {[%clk 1:15:49]} 18. Qxd4 {[%clk
0:49:50]} Ne5 {[%clk 1:16:09]} 19. Re3 {[%clk 0:45:37]} Be6 {[%clk 1:12:52]} 20.
Rg3 {[%clk 0:41:18]} Qf6 {[%clk 1:09:56]} 21. Rd1 {[%clk 0:39:14]} Rfd8 {[%clk
0:59:21]} 22. Bb3 {[%clk 0:30:58]} Rac8 {[%clk 0:49:53]} 23. Ne3 {[%clk 0:23:28]}
Rc1 {[%clk 0:45:34]} 24. Qd2 {[%clk 0:20:37]} Rxd1+ {[%clk 0:43:14]} 25. Qxd1
{[%clk 0:20:05]} Nc6 {[%clk 0:35:15]} 26. Bxe6 {[%clk 0:11:55]} fxe6 {[%clk
0:29:40]} 27. Ng4 {[%clk 0:12:15]} Qxb2 {[%clk 0:26:37]} 28. Nh6+ {[%clk
0:10:56]} Kf8 {[%clk 0:27:01]} 29. Rf3+ {[%clk 0:01:21]} Ke8 {[%clk 0:25:37]} 30.
Nf7 {[%clk 0:01:30]} Ne5 {[%clk 0:19:36]} 31. Nxd8 {[%clk 0:01:50]} Nxf3+ {[%clk
0:19:45]} 32. gxf3 {[%clk 0:02:04]} Kxd8 {[%clk 0:19:44]} 33. Qxd6+ {[%clk
0:02:29]} Kc8 {[%clk 0:19:37]} 34. Qc6+ {[%clk 0:02:54]} Kd8 {[%clk 0:19:20]} 35.
Qd6+ {[%clk 0:03:13]} Kc8 {[%clk 0:19:45]} 36. Qxe6+ {[%clk 0:03:02]} Kb7 {[%clk
0:20:10]} 37. Kg2 {[%clk 0:01:32]} Qd2 {[%clk 0:11:38]} 38. Qe7+ {[%clk 0:01:25]}
Kc6 {[%clk 0:11:58]} 39. e5 {[%clk 0:00:37]} Qd7 {[%clk 0:09:36]} 40. Qg5 b4
{[%clk 0:06:17]} 41. Qe3 Qe6 {[%clk 0:05:08]} 42. Qe2 Kc5 {[%clk 0:04:00]} 43.
Qe3+ Kc6 {[%clk 0:03:27]} 44. Qe4+ 1/2-1/2

[Event "U20 Polish Youth Championship"]
[Site "Ustron"]
[Date "2019.11.26"]
[Round "5"]
[White "Sowinski, Pawel"]
[Black "Walter, Szymon"]
[Result "0-1"]
[Board "10"]
[WhiteElo "1605"]
[WhiteCountry "POL"]
[WhiteFideId "21881979"]
[WhiteEloChange "-2"]
[BlackElo "2304"]
[BlackTitle "FM"]
[BlackCountry "POL"]
[BlackFideId "1172590"]
[BlackEloChange "2"]

1. e4 {[%clk 1:30:30]} c5 {[%clk 1:28:01]} 2. Nf3 {[%clk 1:30:54]} e6 {[%clk
1:28:00]} 3. d4 {[%clk 1:30:23]} cxd4 {[%clk 1:28:20]} 4. Nxd4 {[%clk 1:29:57]}
Nf6 {[%clk 1:28:34]} 5. Nc3 {[%clk 1:28:45]} Nc6 {[%clk 1:28:44]} 6. Nxc6 {[%clk
1:29:04]} bxc6 {[%clk 1:29:04]} 7. e5 {[%clk 1:29:24]} Nd5 {[%clk 1:29:24]} 8.
Ne4 {[%clk 1:29:44]} Qc7 {[%clk 1:29:08]} 9. f4 {[%clk 1:30:09]} Rb8 {[%clk
1:28:52]} 10. c4 {[%clk 1:26:54]} Bb4+ {[%clk 1:28:41]} 11. Ke2 {[%clk 1:25:17]}
O-O {[%clk 1:26:43]} 12. Kf3 {[%clk 1:23:29]} f6 {[%clk 1:26:47]} 13. cxd5 {[%clk
1:20:55]} cxd5 {[%clk 1:26:57]} 14. Nd6 {[%clk 1:18:57]} fxe5 {[%clk 1:26:56]}
15. Nb5 {[%clk 1:17:15]} Qd8 {[%clk 1:23:11]} 16. g3 {[%clk 1:15:16]} Bb7 {[%clk
1:21:22]} 17. Kf2 {[%clk 1:07:38]} Qb6+ {[%clk 1:13:28]} 18. Be3 {[%clk 1:08:02]}
d4 {[%clk 1:13:48]} 19. Nxd4 {[%clk 1:08:22]} exd4 {[%clk 1:14:13]} 20. Bxd4
{[%clk 1:08:47]} Bc5 {[%clk 1:14:27]} 0-1